Statistics for Every Club that Zlatan Ibrahimovic Has Been On

Click here to take the quiz!

General Stats

  • This quiz has been taken 97 times
  • The average score is 10 of 11

Answer Stats

YearsAnswer% Correct
2018-2019LA Galaxy
100%
2009-2011FC Barcelona
99%
2010-2011 (Loan)AC Milan
96%
2011-2012AC Milan
96%
2020-AC Milan
96%
2012-2016Paris Saint-Germain
96%
2016-2018Manchester United
95%
2006-2009Inter Milan
94%
2001-2004Ajax
93%
2004-2006Juventus
90%
1999-2001Malmo FF
87%

Score Distribution

Percentile by Number Answered

Percent of People with Each Score

Your Score History

You have not taken this quiz